|
|
|
|
| LEADER |
00000cam a2200000 7i4500 |
| 001 |
0000040056 |
| 005 |
20140310.0 |
| 008 |
140310 |
| 020 |
|
|
|a 9673661336
|
| 090 |
0 |
0 |
|a 297.57
|b AIN
|
| 100 |
1 |
|
|a Ainon Mohd
|
| 245 |
1 |
0 |
|a Riyadus solihin :
|b taman orang soleh
|c Ainon Mohd
|
| 260 |
|
|
|a KL :
|b Pts islamik enterprise ,
|c 2013
|
| 650 |
|
0 |
|a Islam
|x customs..
|
| 650 |
|
0 |
|a Religios..
|
| 999 |
|
|
|a 0001268857
|b Book
|c Adult Collection
|e Cawangan Bandar Tenggara
|
| 999 |
|
|
|a 0001268859
|b Book
|c Adult Collection
|e Cawangan Tmn. Ungku Tun Aminah
|
| 999 |
|
|
|a 0001268860
|b Book
|c Adult Collection
|e Cawangan AEON Kulaijaya
|
| 999 |
|
|
|a 0001268862
|b Book
|c Adult Collection
|e Cawangan Mersing
|